000 00909nam a2200229Ii 4500
003 JO-AjNU
008 230605s9999||||xx |||||||||||||| ||und||
017 _a2009/2/555
020 _a978-9957-33-170-3
040 _aJO-AjNU
_bara
_erda
_cJO-AjNU
041 _aara
050 1 4 _aLC4704.85.I436 2010
100 3 _aالإمام،محمد صالح تأليف/إسماعيل،عبد الرؤوف محفوظ م.مشارك,
_eauthor
_927323
245 0 0 _aإستراتيجيات علاج الإضطرابات اللغوية لذوي الإعاقات (التشخيص،العلاج)
250 _aط2
264 3 1 _aعمان:مؤسسة الوراق للنشر والتوزيع،2010
300 _a226ص
336 _atext
_btxt
_2rdacontent
337 _aunmediated
_bn
_2rdamedia
338 _avolume
_bnc
_2rdacarrier
650 4 _aالتربية الخاصة-صعوبات التعلم-الإعاقات
_927324
999 _aA10465
_c14033
_d14033